La Educación artística de los niños en la región nórdica y en otras regiones. (Record no. 136716)
[ view plain ]
| 000 -CABECERA | |
|---|---|
| campo de control de longitud fija | 00526nam a2200169 a 4500 |
| 005 - FECHA Y HORA DE LA ÚLTIMA TRANSACCIÓN | |
| campo de control | 20210219160404.0 |
| 008 - ELEMENTOS DE LONGITUD FIJA--INFORMACIÓN GENERAL | |
| campo de control de longitud fija | 081030s2000 mx r 000 0 spa d |
| 035 ## - NÚMERO DE CONTROL DEL SISTEMA | |
| Número de control de sistema | UPN01000164604 |
| 049 ## - COLECCIÓN | |
| Colección | UNE |
| 080 ## - NÚMERO DE CLASIFICACIÓN DECIMAL UNIVERSAL | |
| Número de la Clasificación Decimal Universal | 7.073 (07) -053.2 EDU No.24. |
| 245 03 - MENCIÓN DE TÍTULO | |
| Título | La Educación artística de los niños en la región nórdica y en otras regiones. |
| 260 ## - PUBLICACIÓN, DISTRIBUCIÓN, ETC. | |
| Lugar de publicación, distribución, etc. | París : UNESCO, 198. |
| 300 ## - DESCRIPCIÓN FÍSICA | |
| Extensión | 91 p. |
| 440 #0 - MENCIÓN DE SERIE/ASIENTO SECUNDARIO--TÍTULO | |
| Título | (Desarrollo cultural; Expediente documental; 24) |
| 690 ## - PUNTO DE ACCESO ADICIONAL DE MATERIA LOCAL--TÉRMINO DE MATERIA (OCLC, RLIN) | |
| Término de materia o nombre geográfico como elemento inicial | Educacion artistica- Niños |
| 905 ## - TIPO DE MATERIAL | |
| Tipo de material | UNESCO |
No items available.
